000 00567nam a2200229Ia 4500
003 OSt
005 20220924140945.0
006 a|||||r|||| 00| 0
007 ta
008 220923b |||||||| |||| 00| 0 ben d
024 _a296725
037 _cTextual
040 _aARTS
_cARTS
_bben
041 _2ben
_aben
082 _aO157,3N242,1, L3
100 _aChakravarty
_9196157
245 0 _aPitri purush
260 _c1973
650 _aBENGALI LITERATURE
942 _hO157,3N242,1, L3
_cTEXL
_2CC
999 _c445835
_d445835